Croissance, répartition et politique des revenus
Salvato in:
| Autore principale: | |
|---|---|
| Natura: | Libro |
| Lingua: | francese |
| Pubblicazione: |
París
Cujas
1964
|
| Soggetti: | |
| Tags: |
Aggiungi Tag
Nessun Tag, puoi essere il primo ad aggiungerne!!
|
MARC
| LEADER | 00000nam a2200000 a 4500 | ||
|---|---|---|---|
| 001 | UCQ2053 | ||
| 003 | CL-VaPUC | ||
| 008 | 980721e19640000FR |||||||||||||||||fre|d | ||
| 082 | 0 | 4 | |a 339.5 |b LEC |2 21 |
| 100 | |a Lecaillon, Jacques |e author |9 415917 | ||
| 245 | 1 | 0 | |a Croissance, répartition et politique des revenus |
| 300 | |a 192 p | ||
| 942 | |c BK | ||
| 945 | |d 19980721 00:00:00 |a crobeson | ||
| 260 | |a París |b Cujas |c 1964 | ||
| 650 | 0 | |a Política económica |9 255029 | |
| 650 | 0 | |a Desarrollo económico y social |9 256320 | |
| 650 | 0 | |a Política monetaria |9 258279 | |
| 650 | 7 | |a PLANIFICACION ECONOMICA |2 CL-VaPUC |9 321496 | |
| 650 | 0 | |a Producción |9 263680 | |
| 583 | |a last modification |c 19980721 00:00:00 |k Rodrigo Vera | ||
| 999 | |c 272895 |d 272893 | ||